000
00518nam a2200133Ia 4500
008
100328s9999 xx 000 0 und d
082
_b
44225
100
_a
पाटणे संभाजीराव
245
_a
त्यागमूर्ती कर्मवीर भाऊराव
260
_b
सुशील
630
_a
त्यागमूर्ती कर्मवीर भाऊराव
730
_a
त्यागमूर्ती कर्मवीर भाऊराव
942
_c
BOOK
999
_c
532516
_d
532513